书目信息 |
| 题名: |
表面光洁度的测量
|
|
| 作者: | 梁国明 编 | |
| 分册: | ||
| 出版信息: | 北京 中国农业机械出版社 1983 |
|
| 页数: | 85页 | |
| 开本: | 19cm | |
| 丛书名: | ||
| 单 册: | ||
| 中图分类: | TG84 | |
| 科图分类: | ||
| 主题词: | 表面粗糙率--测量 | |
| 电子资源: | ||
| ISBN: | ||
| 000 | 00603nam0 2200229 45 | |
| 001 | 0183000163 | |
| 005 | 20060731163641.73 | |
| 010 | @dCNY0.25 | |
| 091 | @a15216.145 | |
| 100 | @a19950619d1983 em y0chiy0121 ea | |
| 101 | 0 | @achi |
| 102 | @aCN@b110000 | |
| 105 | @ay z 000yy | |
| 200 | 10 | @a表面光洁度的测量@Abiao mian guang jie du de ce liang@f梁国明编 |
| 210 | @a北京@c中国农业机械出版社@d1983 | |
| 215 | @a85页@d19cm | |
| 606 | @a表面粗糙率@x测量 | |
| 690 | @aTG84@v3 | |
| 701 | 0 | @a梁国明@Aliang guo ming@4编 |
| 801 | 2 | @aCN@bNLC@c20060731 |
| 801 | 0 | @aCN@bTSSF |
| 905 | @a10447@dTG84@e11 | |
| 表面光洁度的测量/梁国明编.-北京:中国农业机械出版社,1983 |
| 85页;19cm |
| ISBN :CNY0.25 |
| ● |
| 相关链接 |
|
|
|
|
正题名:表面光洁度的测量
索取号:TG84/11
 
预约/预借
| 序号 | 登录号 | 条形码 | 馆藏地/架位号 | 状态 | 备注 |
| 1 | 0439201 | 204392013 | 密集书库/ [索取号:TG84/11] | 在馆 | |
| 2 | 0439202 | 204392022 | 密集书库/ [索取号:TG84/11] | 在馆 |